000 00357nam a2200145Ia 4500
082 _a346.02 KAP
100 _aKAPOOR, S. K.
_99574
245 _aLaw of Contract:
260 _aAllahabad:
_bCentral Law Agency
_c1999
260 _bCentral Law Agency
260 _c1999
300 _axlv, 131p.
_b :ill. ;23cm
650 _aContract - Law
_99575
942 _cBK
999 _c21449
_d21449